Logo BPK

Biblioteka

Politechniki Koszalińskiej

Ultrazvukovye metody w fizike tverdogo tela / (Rekord nr 14718)

Szczegóły MARC
000 -ETYKIETA REKORDU
podpole kontrolne o stałej długości 00412nam a2200169 i 4500
001 - NUMER KONTROLNY REKORDU
pole kontrolne bg
040 ## - ŹRÓDŁO KATALOGOWANIA
Instytucja, która utworzyła rekord BPK
041 ## - KOD JĘZYKA
Kod języka tekstu pol
080 ## - UNIWERSALNA KLASYFIKACJA DZIESIĘTNA - UKD
UKD 534.2:539.2
008 - POLE O STAŁEJ DŁUGOŚCI - DANE KONTROLNE
podpole kontrolne o stałej długości s pl f |000 0 pol
100 1# - NAZWA OSOBOWA
Nazwa osobowa TRUELL, R.
245 #0 - TYTUŁ/ODPOWIEDZIALNOŚĆ
Tytuł Ultrazvukovye metody w fizike tverdogo tela /
Pozostałe elementy strefy tytułu i oznaczenia odpowiedzialności R. Truell, C. Elbaum, B. Cik.
260 ## - STREFA ADRESU WYDAWNICZEGO
Miejsce wydania Moskva,
Data publikacji, dystrybucji/powstania dokumentu 1972.
700 1# - HASŁO DODATKOWE - NAZWA OSOBOWA
Nazwa osobowa ELBAUM, C.
700 1# - HASŁO DODATKOWE - NAZWA OSOBOWA
Nazwa osobowa CIK, B.
856 ## - LOKALIZACJA I DOSTĘP DO ELEKTRONICZNYCH DOKUMENTÓW ZDALNYCH
Link (URL) http://koha.tu.koszalin.pl/cgi-bin/koha/opac-detail.pl?biblionumber=14718
Tekst linku Katalog online BPK
942 ## - DODATKOWE ELEMENTY (KOHA)
Typ dokumentu Książka
Egzemplarze
Wycofany Status egzemplarza Uszkodzony Dostępność Lokalizacja stała Lokalizacja bieżąca Miejsce przechowywania Sygnatura Kod kreskowy Typ dokumentu Numer ubytku
      Dostępny Biblioteka Politechniki Koszalińskiej Biblioteka Politechniki Koszalińskiej Wypożyczalnia BG 14634 01724165 Książka  
  Egz. niedostępny   Niedostępny Biblioteka Politechniki Koszalińskiej Biblioteka Politechniki Koszalińskiej   14635 01724172 Książka 8759
© 2023 Biblioteka Politechniki Koszalińskiej :: KOHA